J2EE: the complete reference (Record no. 9982)

MARC details
000 -LEADER
fixed length control field 00443nam a2200205Ia 4500
001 - CONTROL NUMBER
control field 094651
003 - CONTROL NUMBER IDENTIFIER
control field YMCAF
005 - DATE AND TIME OF LATEST TRANSACTION
control field 20230512161938.0
008 - FIXED-LENGTH DATA ELEMENTS--GENERAL INFORMATION
fixed length control field 100717s2007 ||||||||||||||||| ||und|d
024 ## - OTHER STANDARD IDENTIFIER
Standard number or code 94651
035 ## - SYSTEM CONTROL NUMBER
System control number 34109
040 ## - CATALOGING SOURCE
Original cataloging agency YMCAF
Language of cataloging eng
Transcribing agency IN-KoLT
041 ## - LANGUAGE CODE
Language code of text/sound track or separate title eng
082 ## - DEWEY DECIMAL CLASSIFICATION NUMBER
Classification number 005.276
Item number KEO
100 ## - MAIN ENTRY--PERSONAL NAME
Personal name Keogh, Jim
245 #0 - TITLE STATEMENT
Title J2EE: the complete reference
260 ## - PUBLICATION, DISTRIBUTION, ETC.
Name of publisher, distributor, etc. TMH
Date of publication, distribution, etc. 2007
300 ## - PHYSICAL DESCRIPTION
Extent 874
942 ## - ADDED ENTRY ELEMENTS (KOHA)
Source of classification or shelving scheme Dewey Decimal Classification
Koha item type Books
Holdings
Withdrawn status Lost status Damaged status Not for loan Home library Current library Date acquired Cost, normal purchase price Total Checkouts Barcode Date last seen Date last checked out Cost, replacement price Price effective from Koha item type Public note G
        JC Bose University of Science & Technology JC Bose University of Science & Technology 17/07/2010 525.00 1 34113 19/04/2024 02/04/2024 525.00 12/05/2023 Books C 3017
        JC Bose University of Science & Technology JC Bose University of Science & Technology 17/07/2010 525.00   34109 12/05/2023   525.00 12/05/2023 Books C 3017
        JC Bose University of Science & Technology JC Bose University of Science & Technology 17/07/2010 525.00   34110 12/05/2023   525.00 12/05/2023 Books C 3017
        JC Bose University of Science & Technology JC Bose University of Science & Technology 17/07/2010 525.00   34111 12/05/2023   525.00 12/05/2023 Books C 3017
        JC Bose University of Science & Technology JC Bose University of Science & Technology 17/07/2010 525.00   34112 12/05/2023   525.00 12/05/2023 Books C 3017